| 000 | 00802nam a2200205Ii 4500 | ||
|---|---|---|---|
| 003 | JO-AjNU | ||
| 008 | 230605s9999||||xx |||||||||||||| ||und|| | ||
| 040 |
_aJO-AjNU _bara _erda _cJO-AjNU |
||
| 041 | _aara | ||
| 050 | 1 | 4 | _aHV 7935.K356 2004 |
| 100 | 3 |
_aتأليف: كامل، محمد فاروق عبد الحميد, _eauthor _921570 |
|
| 245 | 0 | 0 | _aالقواعد الفنية للعمل الشرطي لمكافحة الجريمة |
| 250 | _aط1 | ||
| 264 | 3 | 1 | _aالعين: دار الكتاب الجامعي، 2004 |
| 300 |
_a442ص _bيحتوي على ببلوغرافية من 437-442ص |
||
| 336 |
_atext _btxt _2rdacontent |
||
| 337 |
_aunmediated _bn _2rdamedia |
||
| 338 |
_avolume _bnc _2rdacarrier |
||
| 650 | 4 |
_aشرطة - ادارة - عالم عربي - جريمة ومجرمون _921571 |
|
| 999 |
_aA7515 _c11083 _d11083 |
||